000 01200nam a2200349 c 4500
999 _c161596
_d161596
003 BLK
005 20220225114114.0
008 180410b bul|||||r ||||||| ||bul||
010 _aKNG00168920000
040 _aBLK
041 _aBUL
_cBUL
072 7 _2bullib
_aК
_xКраезнание
072 7 _2bullib
_aЯ
_xАвтографи
072 7 _2bullib
_aРА
_xРусенски автори
080 _aБългарска литература
_b821.163.2
_x-1
_z821.163.2-1
100 1 _aЛуков, Владимир
_eпърви автор
_9335267
139 _aЛуков, Владимир
_bЛ 86
245 1 0 _aСъгледвачът
_bСтихове
_cВладимир Луков.
257 _aBGR
260 _bСъюз на свободните писатели
_c1993
_fРусе : Дунав Прес
300 _a56 с.
_c16 см
380 _aX
500 _a1 000 тир.
653 _aстихотворения
659 _aК
659 _aЯ
852 _aЦб І 26445
852 _aК 821.163.2/Л 86 В
856 4 _qpdf
856 4 _qpdf
942 _cKNG
_n0
_s1
944 _aCR
_c18.12.2014
_lф / 18.12.2014
_kНора_Радева
944 _aED
_c15.09.2017
_lф / 18.12.2014
_kЛюдмила_Стоянова
999 _d161596
999 _d161596